| 000 | 00567nam a2200217Ia 4500 | ||
|---|---|---|---|
| 008 | 180523s9999 xx 000 0 und d | ||
| 020 | _a0-321-04361-8 | ||
| 050 | _aMAIN QA 154.2 | ||
| 050 | _b.L53 1997 | ||
| 100 | _aLial. Margaret L. | ||
| 245 | 0 | _aCollege algebra / | |
| 245 | 0 | _cMargaret L. Lial, E. John Hornsby, Jr., David I. Schneider. | |
| 250 | _aInt'l Ed. | ||
| 260 | _aNew York : | ||
| 260 | _bWesley Longman, Inc., | ||
| 260 | _c1996 | ||
| 300 | _a636 pages : | ||
| 300 | _billustrations ; | ||
| 300 | _c23 cm. | ||
| 500 | _aIncludes index. | ||
| 999 |
_c357436 _d357436 |
||